000 00739nam a22002057a 4500
999 _c17240
_d17240
003 AR-CdUCM
008 190507b ||||| |||| 00| 0 spa d
040 _aMUNICIPALIDAD PROVINCIAL DEL CUSCO
_cBIBLIOTECA MUNICIPAL DEL CUSCO
082 _a980.4 /
_bS66
100 _aSolc, Václav
_937127
245 _aLos Aymaras de las islas del Titicaca /
260 _aMexico :
_bInstituto Indigena Interamericano,
_c1969.
300 _a194 páginas ;
_b26 fotos.
_c19 cm.
505 _aEl descubrimiento de la religión -- Población -- Alimentación -- Habitación -- preparación y conservación de alimentos...
650 _aTiticaca.
_937128
650 _aDesarrollo.
_92021
650 _aPuno.
_93897
942 _2ddc
_cLIBROS
945 _awfj